000 00468nam a2200181Ia 4500
008 230524s9999 xx 000 0 und d
020 _a9780070591127
082 _bSIV
100 _aS.N. Sivanandam
245 0 _aIntroduction to Neural Networks using MATLAB 6.0
250 _a20
260 _aNew Delhi
_bTMH
_c2014
300 _a"XIX,647p;"
500 _aQuantity Number: 1
650 _aComp-Sc
700 _a" S.N. Deepa, S. Sumathi "
_942686
942 _cBK
999 _c57677
_d57677